| 000 | 00730nam a2200241 a 4500 | ||
|---|---|---|---|
| 001 | 62957 | ||
| 003 | BD-RjUL | ||
| 005 | 20211209081139.0 | ||
| 008 | 170126s1965 enk b 001 0 eng | ||
| 035 | _a(BD-RjUL)63085 | ||
| 040 |
_aDLC _cF _dOCoLC _dBD-RjUL _beng |
||
| 041 | _aeng | ||
| 082 |
_a823.912 _223 _bTHS 1965 |
||
| 100 | 1 |
_aThakur, N. C. _9187230 |
|
| 245 | 1 | 4 |
_aThe symbolism of Virginia Woolf / _c[by] N. C. Thakur. |
| 260 |
_aLondon : _bOxford University Press, _cc1965. |
||
| 300 |
_aviii, 171 p. ; _c23 cm. |
||
| 504 | _aInclude Bibliography and index | ||
| 600 | 1 | 0 |
_aWoolf, Virginia, _d1882-1941 _xSymbolism. _9187234 |
| 650 | 0 |
_aSymbolism in literature. _9187232 |
|
| 942 |
_2ddc _cBK |
||
| 999 |
_c62957 _d62957 |
||